Bienvenue à la Médiathèque de Saint-Andiol
banniere
Accueil Recherche avancée Mon compte
handi1 Rechercher dans le catalogue

Filtre   Mots-clés
  Recherche avancée
 
Lister les dernières nouveautés
 
Lister les livres GROS CARACTERES
 
Lister les périodiques (magazines)

handi1 Heureux le guerrier mort

Book Cover
Auteur principal : Olivier Peru
Autres auteurs : Stéphane Bileau
Autres auteurs : Luca Merli
Titre : Heureux le guerrier mort
Support : Livres
Langue : Francais
Series : Les Elfes blancs
Genre : Bande dessinée (ados-adultes)
Sujets :
Étiquettes :
Pas de tags
LEADER 00905nam0a2200217 450
001 16867840
010 |a 978-2-302-05057-0  |b cart.  |d 14,95 € 
100 |a 20160421d2016 u u0frey01 ba 
101 0 |a fre 
102 |a FR 
200 0 |a Heureux le guerrier mort  |f scénario Olivier Peru  |g dessin Stéphane Bileau - couleurs Luca Merli 
207 1 |a   
215 |a 1 vol. (48 p.)  |c illustrations en couleur  |d 33 x 24 cm 
330 |a Tomaison. Le combat entre Fall, l'elfe blanc au dragon, et Lha'saa, l'elfe noire nécromancienne dont les légions sèment la désolation partout où elles passent. 
461 0 |t Les Elfes blancs  |v 03 
700 0 |a Peru  |b Olivier  |4 70 
701 0 |a Bileau  |b Stéphane  |4 440 
702 0 |a Merli  |b Luca  |4 410 
900 |a Bande dessinée (ados-adultes) 
901 |a Adultes 
995 |a Médiathèque  |c Médiathèque  |f 00156008790800  |h 00156008790800  |k BDJ ELF BLA 3  |o p  |q a  |r az  |e Médiathèque